Manual de medicina legal
Uloženo v:
| Hlavní autor: | |
|---|---|
| Médium: | Kniha |
| Jazyk: | španělština |
| Vydáno: |
Barcelona
Salvat
1926
|
| Vydání: | 2a. ed |
| Edice: | Biblioteca del Doctorado en Medicina
|
| Témata: | |
| Tagy: |
Přidat tag
Žádné tagy, Buďte první, kdo vytvoří štítek k tomuto záznamu!
|
MARC
| LEADER | 00000nam a2200000 a 4500 | ||
|---|---|---|---|
| 001 | UCT8929 | ||
| 003 | CL-VaPUC | ||
| 008 | 970326e19260000SP |||||||||||||||||spa|d | ||
| 082 | 0 | 4 | |a 344.04 |b BAL |2 21 |
| 100 | 0 | |a Balthazard, V |e author |9 381184 | |
| 245 | 1 | 0 | |a Manual de medicina legal |
| 250 | |a 2a. ed | ||
| 300 | |a 704 p | ||
| 942 | |c BK | ||
| 945 | |d 19970326 00:00:00 |a lriquelm | ||
| 260 | |a Barcelona |b Salvat |c 1926 | ||
| 650 | 7 | |a MEDICINA LEGAL |2 CL-VaPUC |9 381185 | |
| 650 | 7 | |a TOXICOLOGIA |2 CL-VaPUC |9 306970 | |
| 650 | 7 | |a ENVENENAMIENTO |2 CL-VaPUC |9 338530 | |
| 650 | 0 | |a Asfixia |9 342026 | |
| 650 | 7 | |a HERIDAS Y LESIONES |2 CL-VaPUC |9 342027 | |
| 650 | 0 | |a Delitos sexuales |9 256093 | |
| 650 | 0 | |a Muerte |9 265114 | |
| 650 | 7 | |a FISIOLOGIA |2 CL-VaPUC |9 381186 | |
| 650 | 7 | |a PERITAJE MEDICO-LEGAL |2 CL-VaPUC |9 381187 | |
| 583 | |a last modification |c 19970326 00:00:00 |k Rodrigo Vera | ||
| 490 | 0 | |a Biblioteca del Doctorado en Medicina | |
| 999 | |c 257401 |d 257399 | ||
| 952 | |0 0 |1 0 |4 0 |6 344_040000000000000_BAL_1926 |7 0 |8 A |9 280837 |a BIBDER |b BIBDER |d 2019-11-19 |i 1816446 |o 344.04 BAL 1926 |p 1816446 |r 2023-01-25 |w 2019-11-19 |y BK |k DER | ||